000 00881nas a2200301 4500
001 BR2013007506
003 BR-BrBNA
005 20231205122944.0
007 ta
008 230509b bl.|||p| |||| 00| 00por d
040 _aBR-BrBNA
_bpor
_cBiblioteca Nacional de Agricultura
041 _a(Pt)
072 _aF04; F08; P35
100 1 _aSilva, G. de M. e
100 1 _aStone, L.F.
100 1 _aMoreira, J.A.A.
245 1 _aManejo da adubação nitrogenada no feijoeiro irrigado sob plantio direto
650 _aMANEJO DO SOLO
650 _aADUBAÇÃO
650 _aNITROGÊNIO
650 _aFEIJÃO
650 _aMILHO
650 _aPALHADA
650 _aPLANTIO DIRETO
773 0 _tPesquisa Agropecuária Tropical (Brazil)
_xISSN 1517-6398
_g(Jan-Jun 2002), v. 32(1) p. 1-5
_wBR2013007506
909 _a202311
_bLúcia
_c55
_dLúcia Elande
942 _2AGRIS
_n0
_cANA
999 _c231445
_d231445